حوار مع أربعة شعراء من اليمن : (رقم التسجيلة. 15139)

تفاصيل مارك
000 -LEADER
fixed length control field 00709nam a22001937a 4500
005 - DATE AND TIME OF LATEST TRANSACTION
control field 20251108164823.0
008 - FIXED-LENGTH DATA ELEMENTS--GENERAL INFORMATION
fixed length control field 250721s1975 xx 000 0 ara d
082 14 - DEWEY DECIMAL CLASSIFICATION NUMBER
Classification number 811.95662/إبر
100 1# - MAIN ENTRY--PERSONAL NAME
Personal name المقحفي، إبراهيم
245 10 - TITLE STATEMENT
Title حوار مع أربعة شعراء من اليمن :
Remainder of title عبد ه عثمان - عبد العزيز المقالح - عبد الله البردوني - عبد السلام ناجي /
264 1# - PRODUCTION, PUBLICATION, DISTRIBUTION, MANUFACTURE, AND COPYRIGHT NOTICE
Place of production, publication, distribution, manufacture صنعاء :
Name of producer, publisher, distributor, manufacturer دار الهنا للطباعة و النشر،
Date of production, publication, distribution, manufacture, or copyright notice 1975.
300 ## - PHYSICAL DESCRIPTION
Extent 142ص
650 17 - SUBJECT ADDED ENTRY--TOPICAL TERM
Topical term or geographic name as entry element الشعر العربي
650 17 - SUBJECT ADDED ENTRY--TOPICAL TERM
Topical term or geographic name as entry element العصر الحديث
650 17 - SUBJECT ADDED ENTRY--TOPICAL TERM
Topical term or geographic name as entry element اليمن
650 17 - SUBJECT ADDED ENTRY--TOPICAL TERM
Topical term or geographic name as entry element الشعراء
942 ## - ADDED ENTRY ELEMENTS (KOHA)
Source of classification or shelving scheme Dewey Decimal Classification
Koha item type كتب
المقتنيات
حالة السحب حالة الفقدان مصدر التصنيف حالة التلف غير قابل للإعارة المكتبة الرئيسية المكتبة الحالية موقع الرف تاريخ التزويد الرقم المتسلسل Total Checkouts رقم الإستدعاء الباركود تاريخ آخر ظهور تاريخ الفاتورة نوع المادة (كوها)
    Dewey Decimal Classification     المكتبة المركزية المكتبة المركزية الإعارة 12/07/2004 67827   811.95662/إبر 67827 28/07/2025 12/07/2004 كتب
Implemented & Customized by: BBB with SCIT (Smart Chains for Information Technology)

Powered by Koha